Property sites in a wireless world (Record no. 67276)
[ view plain ]
| 000 -LEADER | |
|---|---|
| fixed length control field | 00988cam a2200193 4500 |
| 001 - CONTROL NUMBER | |
| control field | X113029 |
| 008 - FIXED-LENGTH DATA ELEMENTS--GENERAL INFORMATION | |
| fixed length control field | 000000n2001 000 0 eng u |
| 035 ## - SYSTEM CONTROL NUMBER | |
| System control number | (Sirsi) u113029 |
| 100 ## - MAIN ENTRY--PERSONAL NAME | |
| Personal name | Whittaker, K. |
| 245 ## - TITLE STATEMENT | |
| Title | Property sites in a wireless world |
| 260 ## - PUBLICATION, DISTRIBUTION, ETC. | |
| Date of publication, distribution, etc. | 2001 |
| 490 ## - SERIES STATEMENT | |
| Series statement | Facilities Management |
| Volume/sequential designation | 8(8) May 2001, 12-13(2) |
| 520 ## - SUMMARY, ETC. | |
| Summary, etc. | Considers the need for commercial landlords to consider installing an advanced telecommunications infrastructure in order to meet the increasing demand from tenants for high-speed internet access, video-conferencing, and high capacity and bandwidth. Examines the benefits for both landlord and tenant of wireless broadband technology including reliability, security, increased capacity, reduced start-up times and installation costs and its potential to generate revenue. |
| 650 ## - SUBJECT ADDED ENTRY--TOPICAL TERM | |
| Topical term or geographic name entry element | BROADBAND COMMUNICATIONS |
| 650 ## - SUBJECT ADDED ENTRY--TOPICAL TERM | |
| Topical term or geographic name entry element | TELECOMMUNICATIONS |
| 650 ## - SUBJECT ADDED ENTRY--TOPICAL TERM | |
| Topical term or geographic name entry element | WIRELESS TECHNOLOGY |
| 690 ## - LOCAL SUBJECT ADDED ENTRY--TOPICAL TERM (OCLC, RLIN) | |
| Topical term or geographic name as entry element | PROPERTY-COMMERCIAL PROPERTY |
| 942 ## - ADDED ENTRY ELEMENTS (KOHA) | |
| Suppress in OPAC | 0 |
| Withdrawn status | Lost status | Source of classification or shelving scheme | Damaged status | Not for loan | Home library | Current library | Shelving location | Date acquired | Total Checkouts | Full call number | Barcode | Date last seen | Copy number | Price effective from | Koha item type |
|---|---|---|---|---|---|---|---|---|---|---|---|---|---|---|---|
| Dewey Decimal Classification | London | London | Journal article | 11/06/2001 | X113029 | 113029-1001 | 06/08/2019 | 1 | 06/08/2019 | Journal article |